000
00198 a2200097 4500
001
56986
100
_a
245
_a
labback
260
_a
Lahore
_b
Beacon Pub
_c
2007
090
_c
34913
_d
34913
942
_a
NUST-CAE
_c
MONOGRAPH
_c
27684
999
_c
292059
_d
292059